00521nam a2200181Ia 4500003000900000008004100009040001600050080001800066100002100084245007200105250001200177260003900189300000900228650001400237650002000251650002500271650004300296IN-BaIIA211028s9999 xx 000 0 eng d cIIA Library a084.4:52bVEH aVehrenberg, Hans 4aThe Falkauer atlasbphotographic star atlas 1950.0cHans Vehrenberg a3rd ed. aDusseldorfbTreugesel Verlagc1972 a28p. a Atlas  a Atlas-Stars  a Photographic stars aAstronomy and Astrophysics Thesaurus